000
00294nam a2200121Ia 4500
008
241002s9999 xx 000 0 und d
082
_a
921.2 RUS
100
_a
Russell, Bertrand
245
4
_a
The Autobiography of Bertand Russell
260
_a
London:
_c
1971
600
_a
History
942
_c
UC
999
_c
18813
_d
18813